Analýza vypovedacej schopnosti kalkulácie výsledku hospodárenia na jednotku
Úloha kalkulácie výsledku hospodárenia na jednotku. Pozitívny výsledok hospodárenia na jednotku a negatívny výsledok hospodárenia. Problematika fixných nákladov. Príklad metódy jednoduchého kalkulovania delením. Problematika režijných nákladov. Problematika tržieb. Praktické príklady.
Gespeichert in:
| 1. Verfasser: | |
|---|---|
| Weitere Verfasser: | , |
| Format: | Buchkapitel |
| Sprache: | Slowakisch |
| Schlagworte: | |
| Tags: |
Keine Tags, Fügen Sie das erste Tag hinzu!
|
MARC
| LEADER | 00000naa$a2200000$$$4500 | ||
|---|---|---|---|
| 001 | 0088774 | ||
| 005 | 20240502072007.6 | ||
| 041 | 0 | |a slo | |
| 044 | |a SK | ||
| 245 | 1 | 0 | |a Analýza vypovedacej schopnosti kalkulácie výsledku hospodárenia na jednotku |c Alžbeta Foltínová, Michal Budinský, Gabriela Dubcová |
| 520 | |a Úloha kalkulácie výsledku hospodárenia na jednotku. Pozitívny výsledok hospodárenia na jednotku a negatívny výsledok hospodárenia. Problematika fixných nákladov. Príklad metódy jednoduchého kalkulovania delením. Problematika režijných nákladov. Problematika tržieb. Praktické príklady. | ||
| 610 | 2 | 0 | |a kalkulácia |
| 610 | 2 | 0 | |a náklady režijné |
| 610 | 2 | 0 | |a náklady fixné |
| 610 | 2 | 0 | |a tržby |
| 610 | 2 | 0 | |a zisk |
| 610 | 2 | 0 | |a výsledok hospodársky |
| 100 | 1 | |a Foltínová, Alžbeta | |
| 700 | 1 | |a Budinský, Michal | |
| 700 | 1 | |a Dubcová, Gabriela, 1968- | |